000 00267 a2200121 4500
000 nam a22 7a 4500
005 20260109185107.0
100 _aAnton, Howard
_9863611
245 _aElementary Linear Algebra
250 _a12
260 _bWiley
942 _cTEXL
999 _c1467468
_d1467468